| 000 | 00477nam a2200169 a 4500 | ||
|---|---|---|---|
| 005 | 20141022142001.0 | ||
| 008 | 110118s19uu xx 00 eng d | ||
| 020 | _a9781433804229 | ||
| 050 |
_aDVD _bSch5 2009 |
||
| 100 | _aSchneider, Kirk J. | ||
| 245 | _aExistential-Humanistic Therapy over time. | ||
| 260 |
_bAPA, _c2009. |
||
| 440 | _aSeries VIII-Psychotherapy in six sessions | ||
| 650 | _aTherapy -Human treatment. | ||
| 650 | _aTherapy-Psycholohy. | ||
| 942 | _cAVM | ||
| 999 |
_c276293 _d276293 |
||